[Event "Biel GM 45th"]
[Site "Biel"]
[Date "2012.07.25"]
[Round "3"]
[White "Giri, Anish"]
[Black "Bacrot, Etienne"]
[Result "1-0"]
[WhiteElo "2696"]
[BlackElo "2713"]
[Annotator "Giri,A"]
[PlyCount "73"]
[EventDate "2012.07.23"]
[EventType "tourn"]
[EventRounds "10"]
[EventCountry "SUI"]
[EventCategory "21"]
[SourceTitle "CBM 150"]
[Source "ChessBase"]
[SourceDate "2012.09.14"]
[SourceVersion "1"]
[SourceVersionDate "2012.09.14"]
[SourceQuality "1"]

{Before this game I was in excellent shape and was eager to tka advantage of
my chances with the white pieces against Bacrot. During my preparation I was
surprised to discover that the solid Etienne had recently switched to King's
Indian. I still couldn't believe that I actually would get any of my
preparation on board, but in the event of that miracle happening, I decided to
check the position carefully and choose what I would try over the board.} 1. d4
Nf6 2. c4 g6 3. Nc3 Bg7 4. e4 d6 {The KID is sort of back in fashion now. For
some reason, no-one bothers to take it seriously and refute it, once and for
all.} 5. Nf3 O-O 6. Be2 e5 7. O-O Nc6 8. d5 Ne7 9. b4 {The Bayonet, known as
Kramnik's favourite. Etienne has experience in this line with both colours. I
have had mixed results after another critical move Ne1. There, both players
get selfish and hope that they will be first. If it goes wrong, however, it's
no fun to get mated.} Nh5 10. g3 {The speciality of Loek van Wely, the
spiritual leader of Dutch chess.} (10. Re1 {is the main move.}) 10... f5 11.
Ng5 Nf6 12. f3 {12.Bf3 was a new idea demonstrated by Kramnik against me. He
later on managed to win one more game against Grischuk with that move, but I
am sure that sooner or later even Kramnik will end up with no more new ideas
in this rather double edged line.} f4 13. b5 {Preparing Ne6, by covering the
c6-square. It's a very typical motive in the bayonet.} fxg3 14. hxg3 h6 15. Ne6
Bxe6 16. dxe6 Qc8 17. Nd5 {Sort of protecting the e6-pawn. Now the fun starts.}
Qxe6 18. Nxc7 Qh3 19. Rf2 $1 {All this had been invented by Loek decades ago
and has been tested by him more than once.} Rac8 $5 {An interesting move. I
had actually expected all this, as so far (and till move 24) we are following
the game Van Wely-Bacrot from a couple of months back played in the French
league.} (19... Nxe4 {is the main-line. Here Stellwagen managed to mate Loek a
couple of years back, but the improvements are being found again and again.}
20. fxe4 Rxf2 21. Kxf2 Rf8+ 22. Ke3 Qxg3+ 23. Kd2 Rf2 {is how two games of Van
Wely went. He beat Radjabov in 2008 and a year later the above mentioned mate
followed.}) 20. Rh2 $1 ({After the immediate} 20. Qxd6 {Black has at least a
draw -} Nxe4 21. fxe4 Qxg3+ 22. Rg2 Qe1+ 23. Kh2 Qh4+) 20... Qxg3+ (20... Qd7 {
is not in the spirit of the game -} 21. b6 $5 axb6 22. Nb5) 21. Rg2 Qh3 22.
Qxd6 Rf7 $1 {Defending the knight and at the same time preparing ...Nf5.} 23.
c5 Nf5 (23... Nxe4 {doesn't work -} 24. fxe4 Qc3 25. Bb2 Qxb2 26. Rd1 {and
Bg4-Be6 is going to decide the game.}) 24. exf5 Rfxc7 25. Be3 $5 {Finally a
new move. After studying the position very carefully and deeply, I came to the
conclusion that while White seems to be better with many moves, Black is
always able to hold with computer precision. All I had to do was to choose the
most unpleasant try and it seems that I (pretty much by accident) managed to
succeed in that.} (25. c6 {was played by Loek. While being critical, it was
also the move Bacrot has focussed on, so I decided to check his preparation
somewhere else.}) 25... Qxf5 $6 {It was only over the board, that I realised
that in fact this move just begs to be played. In fact it's a mistake and the
right move ...Kh8! doesn't come to mind so easily.} (25... Kh8 $1 {the best.
Now I intended to unleash the brilliant looking} 26. Bxh6 $1 {and here, unless
Black resigns right away from the shock, the game will just end in a draw after
} (26. Rf1 gxf5 $1) 26... Qxf5 $1 (26... Qxh6 {is very drawish, but not a draw
yet...} 27. Rh2 Nh5 28. Qxg6 Qxg6+ 29. fxg6 Bf6 $5 30. Rxh5+ Kg7 31. Rh7+ $1
Kxg6 32. Bd3+ Kg5 33. Rxc7 Rxc7 34. Rc1 {and White keeps some pressure, even
though there are almost no more pieces left and the bishops are of the
opposite colour.} e4 35. Bxe4 Bd4+ 36. Kf1) 27. Bd3 e4 28. fxe4 Qxc5+ 29. Qxc5
Rxc5 30. Rxg6 Bxh6 31. Rxh6+ Kg7 {and the extra pawn has no meaning other than
just being there, so that I don't feel ashamed of my preparation. It's a draw.}
) 26. Rf1 $1 Bf8 $2 {The most natural move, but also the losing one. One of
the two prophylactical king moves should still be enough to hold on.} (26...
Rd7 $4 {made me frown, as I haven't actually looked at the position with a
human eye before the game. But it obviously loses to a nice -} 27. Bc4+ Kh7 28.
Be6 $1) (26... Kh8 {or}) (26... Kh7 27. Bd3 e4 28. fxe4 Qh3 {and Black has
tricks of his own, but obviously he is just trying to desperately hold the
balance here.}) 27. Bd3 $1 {The only move, which is, however, more than enough.
} e4 {This and the next move are forced.} 28. fxe4 Qxf1+ {At first this
worried me a little, but pretty quickly I realised that my pawns are
unstoppable.} 29. Bxf1 $6 {This just felt better, but according to the
cold-blooded machine, it's less precise.} (29. Kxf1 $1 Bxd6 30. cxd6 {now I
didn't see the exact way for Black, but somehow I felt like I had given him
too many options. The computer considers all of those options and claims that
none of them is good enough to hold.} Rc1+ $5 {was one of the reasons I didn't
take with the king. Here White wins with a beautiful and precise sequence -} (
30... Rc3 31. Rxg6+ $1 {I totally missed this idea -} (31. Ke2 Rc2+ $5 32. Bd2
Kf7 {was a funny line that I saw.}) 31... Kf7 32. e5 $1 {suddenly the rook is
protected and the knight is attacked.} Rxd3 33. Rxf6+ Ke8 34. Re6+ $1 Kf7 35.
Re7+ {and the pawns will queen.}) (30... Rf7 31. Rxg6+ Kh7 32. Rxh6+ Kg7 33.
Ke2 {this is maybe the toughest for black, objectively speaking, but after} Re8
$1 34. Rh4 Rd7 35. Bc5 {White should just be technically winning.}) 31. Bxc1
Rxc1+ 32. Ke2 Kf7 {and now the dancing starts -} 33. Kd2 $1 (33. e5 Nd7 $1)
33... Rc5 (33... Rc8 34. Ke3 $1) 34. Ke3 $1 Rc1 35. Be2 $3 Nd7 36. Kd4 $1 {
and Black can't stop the pawns from running. A very sophisticated line.}) 29...
Bxd6 30. cxd6 {Black again has plenty of moves, but I didn't see any defence
for him and felt that I should win this position. The computer, however, shows
that even though White is definitely the one having all the fun, things aren't
that easy yet.} Rc3 $2 {After a long think Etienne found an interesting idea,
but fortunately for me, it doesn't work.} ({An interesting attempt to survive
is} 30... Rf7 $5 {but after} 31. e5 Nd5 {White can avoid the trap and keep his
enormous advantage with} 32. Rxg6+ $1 (32. Bxh6 Rxf1+ $1 33. Kxf1 Kf7 {is the
trick. With the pawns blocked, Black has excellent drawing chances.}) 32... Rg7
33. Rxg7+ Kxg7 34. Bxa7) (30... Rd7 $1 {was the right move, but it is the next
move, that is remarkable} 31. e5 g5 $3 {is the computer-style defence. I must
say I wasn't even thinking in this direction. Now Black keeps his kingside
pawns alive and manages to get control of my connected passed pawns. Still,
White has excellent winning chances, as he has two bishops for the rook and
the a7-pawn drops.} (31... Nd5 {here I actually was considering the wrong move}
32. Bxh6 $1 {is the right move and the pawns can't be stopped in the long run.}
(32. Rxg6+ $4 {was the 'winning' move that I saw. What I missed was that after
the forced} Kf7 33. Rxh6 Nxe3 34. e6+ Kg7 35. exd7 {Black doesn't have to go ..
.Rd8, which would allow Re6-e7+! manoeuvre, but he can play the clever} Rg8 $3
{and Black keeps it together.}))) 31. Bd4 Rf3 32. e5 $1 Rf4 $5 {Played
instantly. We both saw that the tempting ...Rc1 loses by force.} (32... Rc1 {
now the straightforward line wins for White -} 33. Rxg6+ Kh7 34. Rxf6 Rcxf1+
35. Kg2 (35. Kh2 $1) 35... Rxf6 {forced.} 36. exf6 {and Black can't stop the
pawns.} Rf4 37. Bc5 $1 ({not} 37. Be5 Rg4+ 38. Kf3 Rg8 39. d7 Kg6 $3 (39... Rd8
40. f7 Kg6 41. Bc7) 40. Bc7 Kxf6 41. d8=Q+ Rxd8 42. Bxd8+ Ke5 {and it starts
to look like some study...}) 37... Rxf6 38. d7 Rg6+ 39. Kf3 Rg8 40. Be7 Kg6 41.
Ke4) 33. Bb2 $1 {I was very tempted to play Be3 right away, but as I had so
much time left on my clock, I decided that some extra thinking wouldn't harm
things. And rightly so, as this move is just killing.} (33. Be3 $6 {would allow
} Rxf1+ $1 34. Kxf1 Nd5 {and here the pawns don't queen, because Black will
take the bishop and then come back with his knight to d5, covering the key
e7-square. And otherwise ...Kf7 is just in time.} 35. Bxh6 (35. e6 $2 Nxe3+ 36.
Kf2 Nd5 $1) 35... Kf7 {with excellent drawing chances.}) 33... Nh7 {All other
knight moves also lose, as the pawns are just runnning.} 34. e6 {I took some
time to calculate the precise win, but in fact nearly everything wins at this
point.} (34. d7 {also wins easily, as after} Rcf8 35. e6 Ng5 {is clever, but
not clever enough -} 36. e7 Nf3+ 37. Kf2 {I saw till here, but somehow I
thought that it's better not to allow him so many discovered checks. All of
them lose though, for example} Nh2+ 38. Ke1 $1 Re4+ 39. Re2 Rxf1+ 40. Kd2 Nf3+
41. Kd3) 34... Ng5 (34... Nf8 35. e7 Nd7 {is hopeless. I intended} 36. Rxg6+
Kf7 37. Bh3 $1) 35. Rxg5 $1 hxg5 36. d7 Rg4+ (36... Rcf8 {and here as long as
White avoids e7?? and just moves the f1 bishop first, he should win easily.}
37. Bg2 $1 (37. e7 $4 Rxf1+ 38. Kg2 R8f2+ 39. Kg3 Rf3+ 40. Kg4 Rf4+ 41. Kxg5
Kh7 $1 {and Black starts checking forever.} 42. e8=Q Rf5+ 43. Kh4 R5f4+)) 37.
Bg2 {I wish I could promote my central pawns like that more often.} 1-0

[Event "London FIDE GP 1st"]
[Site "London"]
[Date "2012.09.29"]
[Round "8"]
[White "Gelfand, Boris"]
[Black "Giri, Anish"]
[Result "1/2-1/2"]
[WhiteElo "2738"]
[BlackElo "2730"]
[Annotator "Krasenkow,M"]
[PlyCount "117"]
[EventDate "2012.09.21"]
[EventType "tourn"]
[EventRounds "11"]
[EventCountry "ENG"]
[EventCategory "20"]
[SourceTitle "CBM 151"]
[Source "ChessBase"]
[SourceDate "2012.11.13"]
[SourceVersion "1"]
[SourceVersionDate "2012.11.13"]
[SourceQuality "1"]

1. d4 Nf6 2. c4 g6 3. Nc3 Bg7 4. e4 d6 5. Nf3 O-O 6. Be2 e5 7. O-O Nc6 8. d5
Ne7 9. b4 Nh5 10. Re1 f5 11. Ng5 Nf6 12. f3 Kh8 13. Rb1 h6 14. Ne6 Bxe6 15.
dxe6 fxe4 16. fxe4 Nc6 17. Nd5 Ng8 18. Bd3 Nd4 19. Qg4 g5 {This line was
examined in CBM 129, annotations to Van Wely-Radjabov.} 20. c5 $146 {GM Boris
Gelfand comes up with a novelty.} (20. Qh3 c6 21. Ne3 Qf6 22. Nf5 (22. Ng4 Qe7
(22... Qxe6 23. Bxg5 Nf6 24. Bxf6 Rxf6 25. Nxf6 Qxh3 26. gxh3 Nf3+ $11 {
I.Tsesarsky}) 23. Be3 $6 Nxe6 24. g3 Qd7 25. Rf1 {0-1 Ponomariov,R (2734)
-Radjabov,T (2624)/Wijk aan Zee 2003/CBM 120/[Tsesarsky] (38)} Nd4 $15) (22.
Rf1 Qxe6 23. Nf5 Nxf5 24. exf5 Qf6 25. Be2 d5 26. Rb3 Ne7 27. a4 e4 28. Bb2 d4
29. Re3 Ng6 30. Rxe4 Nf4 31. Rfxf4 gxf4 32. Rxf4 Qd6 $17 {0-1 Lehnen,P-Janosi,
E/LSS 2007/Telechess CBM 129 (76)}) 22... Nxe6 23. Rf1 Nf4 24. Bxf4 exf4 25. c5
{I.Tsesarsky} dxc5 26. bxc5 Rab8 27. Kh1 Ne7 $15) (20. h4 Nf6 21. Qg3 Nxe6 (
21... gxh4 $2 22. Qxh4 Nxe6 23. Bxh6 Kg8 $2 (23... Nh7 24. Bxg7+ Kxg7 25. Qg4+
Nhg5 26. Rf1 $40 {I.Tsesarsky}) 24. Qh3 $1 Bxh6 25. Qxh6 c6 26. Re3 $1 $18 {
1-0 Van Wely,L (2625)-Radjabov,T (2761)/Wijk aan Zee 2009/CBM 129/[Van Wely] 
(31)}) 22. hxg5 Nxd5 23. gxh6 (23. exd5 Nxg5 24. Qg4 Kg8 25. Be3 Qc8 26. Qh4
Qd8 27. Qg4 Qc8 28. Qh4 Qd8 29. Qg4 {1/2 Landa,K (2655)-Shomoev,A (2566)/Ulan
Ude 2009/CBM 132}) 23... Bf6 (23... Ndf4 24. hxg7+ Nxg7 25. Qh2+ Kg8 26. Bxf4
Rxf4 27. Re3 {1-0 Larin,I (2307)-Jones,I (2057)/Lechenicher SchachServer 2009/
Telechess CBM 135 (34)} Rh4 28. Rh3 Rxh3 29. Qxh3 Qg5 $11) 24. exd5 Bh4 25. Qg4
Bxe1 26. dxe6 Bf2+ 27. Kf1 $1 Bh4+ 28. Kg1 {1/2 Szabo,V-Rakovic,M/LSS 2007/
Telechess CBM 129}) (20. Be3 $5 {deserves serious attention:} c6 21. Rf1 (21.
h4 cxd5 22. exd5 Rf4 (22... Nf6 23. Qd1 {[%cal Re3d4]}) 23. Bxf4 gxf4 24. Qg6
Nf6 25. c5 $1 $44 Qe7 (25... f3 $2 26. g4 Qf8 27. Rb2 {[%cal Rg4g5] 1-0 Itter,
E (1964)-Herzog,K (1773)/Lechenicher SchachServer 2010/CBM 147}) 26. Rbc1 Rg8
$13) 21... cxd5 22. exd5 Rxf1+ (22... Nf6 23. Qh3 $44 {1-0 Arun Prasad,S (2556)
-Ashwin,J (2425)/Kavala 2009/CBM 131 Extra (38)}) 23. Rxf1 Nf6 24. Qh3 Kg8 25.
Bxd4 exd4 26. Qf5 Qe7 27. h4 gxh4 28. Rf4 $44 {1-0 Buzas,G-Simmelink,J/LSS
2007/Telechess CBM 129 (36)}) 20... c6 (20... dxc5 21. e7 $1 Nxe7 22. Bxg5 $1
$16) 21. e7 $5 (21. Ne3 dxc5 22. bxc5 b5 $1 $13) 21... Nxe7 22. Bxg5 cxd5 (
22... hxg5 {is apparently enough for equality:} 23. Qh3+ Kg8 24. Nxe7+ Qxe7 25.
Bc4+ Rf7 26. cxd6 Qxd6 27. Rf1 Raf8 28. Rxf7 Rxf7 29. Qc8+ (29. Rf1 Bf6 30.
Bxf7+ Kxf7 31. Qh7+ Kf8 32. Qxb7 Qe7) 29... Bf8 30. Rf1 (30. Qe8 Qf6 31. Rf1
Ne2+ $1 32. Bxe2 Qe7 $11) 30... Nf3+ $142 $1 (30... Ne2+ 31. Kh1 Nf4 32. Qf5
Qe7 33. Qxf7+ (33. g3 Nd5 $1) 33... Qxf7 34. Bxf7+ Kxf7 35. g3 $14) 31. Kh1 Kg7
32. Bxf7 Qd3 $1 33. Ra1 Qd4 $11) 23. exd5 Qc8 24. Qe4 Nef5 25. Be7 dxc5 $6 {
Not the best reaction.} (25... Rf7 $142 26. cxd6 (26. Bxd6 $2 Qg8 $1 27. Bxe5
Re7 28. Qf4 Bxe5 29. Rxe5 Nf3+ $1) 26... Qg8 27. Rf1 Bf8 $1 28. Qxe5+ Qg7 29.
Qxg7+ Kxg7 30. Bxf8+ Rfxf8 31. Rf4 $44 {An interesting endgame, with some
chances for White.}) 26. Bxf8 {Perhaps even better than} (26. Bxc5 {[%cal
Rg2g4]} Rf6 27. Bxd4 exd4 28. Rf1 (28. g4 Rg6) 28... Qe8 29. Rxf5 {, and White
keeps an extra pawn and winning chances, despite opposite-coloured bishops.})
26... Bxf8 (26... Qxf8 27. bxc5 Qxc5 28. Kh1 {[%cal Rg2g4]} h5 29. Rxb7 Rf8 30.
Rg1 $16 {[%cal Yg2g4]}) 27. Rbc1 Qc7 28. bxc5 Bxc5 29. Kh1 Re8 30. Rf1 $2 {
Regaining the material but not more than that.} (30. g4 $142 Nd6 31. Qg6 b6 (
31... e4 32. Rxe4 $1 Rxe4 33. Qxh6+ Kg8 (33... Qh7 34. Qxh7+ Kxh7 35. Rxc5) 34.
Bxe4 Nxe4 35. Qg6+ Qg7 36. Qxe4 b6 37. Rf1 $16) 32. Qxh6+ Kg8 33. Qg6+ Qg7 (
33... Kh8 $2 34. Rxc5 $1 bxc5 35. Re3 Qg7 36. Qxd6 $18) (33... Kf8 34. Rf1+ Ke7
35. Rf6 $16) 34. Rxc5 bxc5 35. Qxd6 $16) 30... b6 31. Rxf5 Nxf5 32. Qxf5 Qg7
33. Qe4 Rf8 {Black has consolidated his position; his king is more exposed but
his pieces are now active, and White can't make any progress.} 34. g3 Rf7 35.
a4 a5 36. Re1 Bd6 37. Qe3 Qg5 38. Qe2 (38. Qxb6 Qd2 39. Qe3 Rf2 40. Qxd2 Rxd2
$11) 38... Qf6 39. Kg2 Bb4 40. Rc1 Bc5 41. Qh5 Qg7 42. Rc2 Rf8 43. Re2 Bd6 44.
Re4 Rf4 45. Qh3 Rxe4 46. Bxe4 Qf6 47. Qd7 Kg8 48. Qc6 Be7 49. h4 ({The endgame
after} 49. Qxf6 Bxf6 {is drawish, e.g.} 50. d6 (50. h4 Kf7 51. Kf3 Ke7 52. Kg4
Kd6 53. Kh5 b5 $1) 50... Kf7 51. Bd5+ Ke8 52. Bc6+ Kf7 53. Kf3 Ke6 54. d7 Bd8
55. Kg4 Kf6 56. Kh5 Kg7 57. h4 Be7 58. g4 Bd8 59. g5 hxg5 60. hxg5 b5 $1 61.
axb5 (61. Bxb5 e4) 61... a4 62. Kg4 a3 63. Bd5 Kg6 64. Be4+ Kg7 65. Bb1 e4 66.
Kf4 e3 67. Kxe3 Bxg5+ 68. Ke4 Bd8 69. Kd5 Kf6 70. Kc6 Ke7 $11 {Therefore White
continues manoeuvring but fails to find any positive ideas.}) 49... Kg7 50. Qd7
Kf8 51. Qc8+ Kg7 52. Qg4+ Kf8 53. Bh7 Qf7 54. Qc8+ Kg7 55. Be4 Bc5 56. Qg4+ Kf8
57. Qc8+ Kg7 58. Qg4+ Kf8 59. Qc8+ 1/2-1/2

[Event "Qatar Masters op"]
[Site "Doha"]
[Date "2014.11.29"]
[Round "4"]
[White "Harikrishna, Pentala"]
[Black "Socko, Bartosz"]
[Result "1-0"]
[WhiteElo "2725"]
[BlackElo "2614"]
[Annotator "Szabo,Kr"]
[PlyCount "89"]
[EventDate "2014.11.26"]
[EventType "swiss"]
[EventRounds "9"]
[EventCountry "QAT"]
[SourceTitle "CBM 164"]
[Source "ChessBase"]
[SourceDate "2015.01.15"]
[SourceVersion "1"]
[SourceVersionDate "2015.01.15"]
[SourceQuality "1"]

1. c4 Nf6 2. Nf3 g6 3. Nc3 Bg7 4. e4 d6 5. d4 O-O 6. Be2 e5 7. O-O Nc6 8. d5
Ne7 9. Nd2 c5 (9... a5 {is the most popular line.}) 10. dxc6 (10. Rb1 {is also
common.}) 10... bxc6 11. b4 d5 12. Ba3 Re8 13. b5 d4 14. Na4 Qa5 $6 $146 {
A dubious novelty, because the Q is attackable on a5.} (14... Bh6 15. Nc5 a6
16. Bb4 Nd7 17. Ndb3 {and White has a comfortable position.} (17. a4 $2 {
(Sherbakov-Agamaliev, Koszalin 1997)} Nxc5 $1 {was the right move,} 18. Bxc5 d3
19. Bf3 axb5 20. axb5 Rxa1 21. Qxa1 Bxd2 22. Qxe5 Nf5 $1 23. Qb2 Bf4 24. exf5
d2 $17 {and Black is better.})) 15. Rb1 Bh6 16. Bb4 Qc7 17. Nc5 {White has
gained some space on the queenside, he is active and ready to push his a-pawn.}
Bb7 $6 {Too passive.} ({However} 17... Nd7 18. Ndb3 {was also slightly better
for White.}) 18. Bd3 {A logical move. White protects his e4-pawn and sometimes
Qf3 can be unpleasant for Black.} Nc8 19. Ndb3 (19. Qf3 Nh5 20. Ndb3 {was
similar to the game.}) ({Probably} 19. Nxb7 $1 {was the most accurate reply,}
Qxb7 20. Nb3 cxb5 21. cxb5 Qd7 (21... Nxe4 $6 {could have been met by} 22. Na5
Qd5 23. Bc4 Qd7 24. Qf3 Ncd6 25. Bd5 $16 {and White is better.}) 22. a4 $14 {
and White has a nice position.}) 19... Nd6 ({In the event of} 19... cxb5 20.
cxb5 ({and now} 20. Nxb7 $2 {does not work, because of} bxc4 $1) 20... Nd6 21.
Qf3 Nh5 22. Na5 {transposes to the text move.}) 20. Qf3 Nh5 21. g3 {A logical
human move. White avoids ...Nf4.} (21. Na5 cxb5 22. cxb5 Nf4 {with a
complicated middlegame.}) 21... Bc8 $6 (21... cxb5 $142 {was more exact} 22.
cxb5 Rac8 23. Nxb7 Nxb7 24. a4 Ng7 25. a5 Ne6 {followed by ...Bf8, but White's
position is slightly better.}) 22. a4 (22. Na5 {was also strong,} cxb5 23. cxb5
Bh3 24. Rfe1 $36 {with a nice initiative for White.}) 22... Ng7 (22... a5 23.
Ba3 $14) 23. Qf6 $1 {A strong answer. White immediately takes advantage of
Black's weaknesses.} cxb5 (23... Nh5 {could have been met by} 24. Na6 $1 Bxa6
25. Qxd6 $16 {and White's position is much better.}) 24. cxb5 (24. axb5 $1 $16
{was the best reply, because the a-file is very important for White.}) 24...
Ne6 $2 {Black would like to activate his N, but this is a big mistake.} (24...
a5 25. bxa6 Nh5 26. Qf3 $14) 25. Nxe6 ({The seemingly dangerous} 25. Qxe5 $1 {
was the best choice and White isn't afraid of the N moves. For example:} Nf4
26. Qxd4 Bg7 27. Qe3 Nd5 28. Qd2 $18 {and White is 2 Ps up; his position is
completely winning.}) 25... Rxe6 26. Qh4 Kg7 $2 {The decisive mistake, but
Black's position was already difficult.} (26... Bf8 {was tougher} 27. Rbc1 Qb8
28. f4 $16 ({or} 28. Na5 $16 {and White has a wonderful position.})) 27. f4 $1
$18 {The strongest reply! White opens the f-file, moreover the h6 B doesn't
control the c1 square. Black's position is hopeless.} Bb7 28. Rbc1 Qd8 29. Qxd8
Rxd8 30. Nc5 Re7 31. Nxb7 Rxb7 32. Rc6 Ne8 33. fxe5 {White is a P up, he has
two Bs and active pieces. The rest is not difficult for White.} Nc7 34. Bd6 Ne6
35. a5 Bg5 36. a6 Rbd7 37. Rb1 Be7 38. b6 Bxd6 39. exd6 axb6 40. Rbxb6 Kf6 41.
Kf2 g5 42. Rb5 Kg7 43. e5 f6 44. Bc4 Kf7 45. Rc7 1-0